Guess the most popular songs from Balkan labels - Statistics

General Stats
  • This quiz has been taken 30 times
  • The average score is 18 of 54
Answer Stats
Imperia % Correct
Jala Brat & Buba Corelli & Coby - Ona'e
79%
Jala Brat & Buba Corelli - Klinka
79%
Voyage x Nucci - Balkan
71%
Nucci - Vroom
58%
Rasta - Kavasaki
58%
Buba Corelli - Balenciaga
54%
Voyage x Nucci - Gad
54%
Maya Berović & Buba Corelli - Pravo vreme
50%
Rasta - Kavali
50%
Henny x Breskvica - Sava i Dunav
46%
Jala Brat & Buba Corelli - Bebi
46%
Rasta - Euforija
46%
Coby - Biseri iz blata
42%
Henny - Martini
42%
Jala Brat & Buba Corelli ft. Senidah - Kamikaza
42%
MC Stojan - La Miami
42%
Nucci - Bibi
42%
Teodora - Tresi Tresi
42%
THCF x Coby - Krvavi Balkan
42%
Jala Brat ft. Buba Corelli & Raf Camora - Zove Vienna
38%
Jala Brat - Mlada i luda
38%
Milan Stankovic ft. Jala Brat & Buba Corelli - Ego
38%
Rasta - AMGVSQ7AUDI
38%
Rasta - Hotel
38%
Relja x Coby x Stoja - Samo Jako
38%
Senidah x RAF Camora - 100%
38%
Elitni Odredi - Ne Koci
33%
Mili - Grmi
33%
THCF feat. Coby - Ides za Kanadu
33%
Zera - Baraba
33%
Elitni Odredi ft. Dado Polumenta - Ljubavi moja
29%
Emina ft. Milica Todorovic - Limunada
29%
Jala Brat & Buba Corelli ft. RAF Camora - Nema bolje
29%
Nucci - Crno Oko
29%
Nucci - Udji na wa
29%
Rasta - Adio Amore
29%
Severina ft. Ministarke - Uno Momento
29%
Coby x Mili - Juzni Vetar Gas
25%
Jala Brat - 99
25%
Rasta x Alen Sakic - Benz ili Bimmer
25%
Coby x Senidah - 4 Strane Sveta
21%
Senidah - Sladjana
21%
Coby - Leto je
17%
Senidah - Replay
17%
Tea Tairovic ft. Saban Saulic - Otkad tebe znam
17%
Rasta - Noci Nemirne
13%
Rasta x Ana Nikolic - Slucajnost
13%
Rasta x Buba Corelli - Habibi
13%
Voyage x Breskvica - C'est La Vie
13%
Rasta - Vedro Nebo
8%
Balkaton/Balkaton Gang
0%
Bassivity Digital
0%
Generacija Zed
0%
IDJ Videos
0%
No matching quizzes found
Score Distribution
Percent of People with Each Score
Percentile by Number Answered
Your Score History
You have not taken this quiz